<?xml version="1.0" encoding="UTF-8"?><?xml-stylesheet type="text/xsl" href="static/style.xsl"?><OAI-PMH xmlns="http://www.openarchives.org/OAI/2.0/" xmlns:xsi="http://www.w3.org/2001/XMLSchema-instance" xsi:schemaLocation="http://www.openarchives.org/OAI/2.0/ http://www.openarchives.org/OAI/2.0/OAI-PMH.xsd"><responseDate>2026-06-05T14:24:13Z</responseDate><request verb="GetRecord" identifier="oai:riuma.uma.es:10630/6986" metadataPrefix="marc">https://riuma.uma.es/rest/oai/request</request><GetRecord><record><header><identifier>oai:riuma.uma.es:10630/6986</identifier><datestamp>2026-02-03T11:38:49Z</datestamp><setSpec>com_10630_2254</setSpec><setSpec>col_10630_37956</setSpec></header><metadata><record xmlns="http://www.loc.gov/MARC21/slim" xmlns:dcterms="http://purl.org/dc/terms/" xmlns:doc="http://www.lyncode.com/xoai" xmlns:xsi="http://www.w3.org/2001/XMLSchema-instance" xsi:schemaLocation="http://www.loc.gov/MARC21/slim http://www.loc.gov/standards/marcxml/schema/MARC21slim.xsd">
   <leader>00925njm 22002777a 4500</leader>
   <datafield ind2=" " ind1=" " tag="042">
      <subfield code="a">dc</subfield>
   </datafield>
   <datafield ind2=" " ind1=" " tag="720">
      <subfield code="a">Pie Ninot, Ricard</subfield>
      <subfield code="e">author</subfield>
   </datafield>
   <datafield ind2=" " ind1=" " tag="720">
      <subfield code="a">Rosa-Jiménez, Carlos</subfield>
      <subfield code="e">author</subfield>
   </datafield>
   <datafield ind2=" " ind1=" " tag="720">
      <subfield code="a">Cimadomo, Guido</subfield>
      <subfield code="e">author</subfield>
   </datafield>
   <datafield ind2=" " ind1=" " tag="720">
      <subfield code="a">Asencio-Juncal, Jorge</subfield>
      <subfield code="e">author</subfield>
   </datafield>
   <datafield ind2=" " ind1=" " tag="720">
      <subfield code="a">Nogueira Bernárdez, Belén</subfield>
      <subfield code="e">author</subfield>
   </datafield>
   <datafield ind2=" " ind1=" " tag="720">
      <subfield code="a">Martín Codes, Úrsula</subfield>
      <subfield code="e">author</subfield>
   </datafield>
   <datafield ind2=" " ind1=" " tag="260">
      <subfield code="c">2012</subfield>
   </datafield>
   <datafield ind2=" " ind1=" " tag="520">
      <subfield code="a">El desarrollo del turismo desde criterios de sostenibilidad ambiental es una exigencia social&#xd;
y económica. Los recursos energéticos y territoriales son limitados y, por ello, todas las actividades humanas responsables se han de plantear desde este punto de vista. Ahora bien, esta exigencia moral –en el caso africano– es una oportunidad: la posibilidad de convertir un objetivo en signo de identidad, en una manera de hacer propia, donde destaque la capacidad de un continente de convertir una necesidad en la fórmula para resolver las cuestiones que esto plantea. En definitiva, el turismo sostenible, en el continente africano es una oportunidad única&#xd;
porque no es una condición sobrevenida a sus necesidades y perspectivas, sino porque&#xd;
responde a una manera de hacer que está en la raíz de su estar en el medio y un punto de partida para su mejora y desarrollo. El turismo sostenible es, más allá de la aplicación de las técnicas, formas de construcción y ocupación del suelo, arquitecturas, explotación de recursos, disfrute del paisaje y de sus territorios y ciudades, una oportunidad para la población africana de desarrollo y para el turismo la posibilidad de conocer y coincidir en un medio cultural que reivindica la cultura del territorio y su desarrollo posterior de otra manera.</subfield>
   </datafield>
   <datafield ind1="8" ind2=" " tag="024">
      <subfield code="a">Pié Ninot, R., C. J. Rosa Jiménez, G. Cimadomo, J. Asencio Juncal, B. Nogueira Bernárdez, and U. Martín Codes. "Del turismo sostenible al turismo de base comunitaria. intenciones y alternativas de cooperación en el sur de marruecos basado en el turismo responsable". In Cooperación y turismo: intenciones y olvidos. Experiencias de investigación a debate.2012. Eds. E. Navarro Jurado, Y. Romero Padilla, p. 77-102.</subfield>
   </datafield>
   <datafield ind1="8" ind2=" " tag="024">
      <subfield code="a">978-84-615-3111-0</subfield>
   </datafield>
   <datafield ind1="8" ind2=" " tag="024">
      <subfield code="a">http://hdl.handle.net/10630/6986</subfield>
   </datafield>
   <datafield tag="653" ind2=" " ind1=" ">
      <subfield code="a">Turismo - Marruecos</subfield>
   </datafield>
   <datafield ind2="0" ind1="0" tag="245">
      <subfield code="a">Del turismo sostenible al turismo de base comunitaria. Intenciones y alternativas de cooperación en el Sur de Marruecos basado en el turismo responsable</subfield>
   </datafield>
</record>
</metadata></record></GetRecord></OAI-PMH>